El arte de criar e injertar frutales /
Guardado en:
| Autor Principal: | |
|---|---|
| Otros Autores: | |
| Formato: | Libro |
| Publicado: |
Argentina :
Eudeba,
1978
|
| Materias: | |
| Etiquetas: |
Agregar Etiqueta
Sin Etiquetas, Sea el primero en etiquetar este registro!
|
| LEADER | 00651nam a22002175a 4500 | ||
|---|---|---|---|
| 001 | CEM.cems003042 | ||
| 008 | 130507s1978##################000#0#####d | ||
| 005 | 20211215190938.0 | ||
| 003 | CEMS | ||
| 245 | 1 | 0 | |a El arte de criar e injertar frutales / |c Isaac P. Grunberg |
| 260 | |a Argentina : |b Eudeba, |c 1978 | ||
| 300 | |a 205 p. | ||
| 100 | 1 | |a Grunberg, Isaac P. | |
| 700 | 1 | |a Sartori, E. | |
| 082 | 0 | 4 | |a 634 |
| 653 | |a Agricultura | ||
| 653 | |a Fruticultura | ||
| 653 | |a Injertos frutales | ||
| 653 | |a Reproduccion-frutales | ||
| 859 | |a CEMS |b BIB. CEMS - Agricultura |h 634 |i G924 |p A8603.80 |t Ej.1 | ||
| 859 | |a CEMS |b BIB. CEMS - Agricultura |h 634 |i G924 |p A11430.82 |t Ej.2 | ||
